| 000 | 00375nam a2200121Ia 4500 | ||
|---|---|---|---|
| 008 | 220217s9999||||xx |||||||||||||| ||und|| | ||
| 082 | _a005.133 BHA | ||
| 100 | _aBhagwat, Subramanya | ||
| 245 | 0 | _aObject oriented programming with C++ lab manual | |
| 260 |
_aVijay educational publication _bHubli _c2009 |
||
| 300 |
_aV, 107p.;28cm _b80 |
||
| 650 | _aPROGRAMMING LANGUAGE | ||
| 999 |
_c180687 _d180687 |
||